The SAGE handbook of political science / (Record no. 31024)

MARC details
000 -LEADER
fixed length control field 01023nam a22003138i 4500
001 - CONTROL NUMBER
control field 019682310
003 - CONTROL NUMBER IDENTIFIER
control field EG-ScBUE
005 - DATE AND TIME OF LATEST TRANSACTION
control field 20251130092528.0
008 - FIXED-LENGTH DATA ELEMENTS--GENERAL INFORMATION
fixed length control field 191217s2020 cau f 000 0 eng d
020 ## - INTERNATIONAL STANDARD BOOK NUMBER
International Standard Book Number 9781526459558 (hbk.)
040 ## - CATALOGING SOURCE
Original cataloging agency StDuBDS
Language of cataloging eng
Description conventions rda
Transcribing agency StDuBDS
Modifying agency EG-ScBUE
082 04 - DEWEY DECIMAL CLASSIFICATION NUMBER
Classification number 320
Edition number 22
Item number SAG
245 04 - TITLE STATEMENT
Title The SAGE handbook of political science /
Statement of responsibility, etc edited by Dirk Berg-Schlosser, Bertrand Badie, Leonardo A. Morlino.
246 30 - VARYING FORM OF TITLE
Title proper/short title Handbook of political science
246 30 - VARYING FORM OF TITLE
Title proper/short title Political science
264 #1 - PUBLICATION, DISTRIBUTION, ETC. (IMPRINT)
Place of publication, distribution, etc Los Angeles :
Name of publisher, distributor, etc SAGE,
Date of publication, distribution, etc 2020.
300 ## - PHYSICAL DESCRIPTION
Extent 3 volumes ;
Dimensions 25 cm
336 ## - CONTENT TYPE
Content type term text
Source rdacontent
Content type code txt
337 ## - MEDIA TYPE
Media type term unmediated
Source rdamedia
Media type code n
338 ## - CARRIER TYPE
Carrier type term volume
Source rdacarrier
Carrier type code nc
505 0# - FORMATTED CONTENTS NOTE
Formatted contents note Volume 1 -- Volume 2 -- Volume 3.
650 #7 - SUBJECT ADDED ENTRY--TOPICAL TERM
Topical term or geographic name as entry element Political science.
Source of heading or term BUEsh
653 ## - INDEX TERM--UNCONTROLLED
Arrived date list November2025
Resource For college BAEPS, Political Science
655 ## - INDEX TERM--GENRE/FORM
Form subdivision Reading book
700 1# - ADDED ENTRY--PERSONAL NAME
Personal name Berg-Schlosser, Dirk,
Relator term editor.
700 1# - ADDED ENTRY--PERSONAL NAME
Personal name Badie, Bertrand,
Relator term editor.
700 10 - ADDED ENTRY--PERSONAL NAME
Personal name Morlino, Leonardo,
Dates associated with a name 1947-
Relator term editor.
942 ## - ADDED ENTRY ELEMENTS (KOHA)
Source of classification or shelving scheme Dewey Decimal Classification
Koha item type Book - Borrowing
Holdings
Withdrawn status Lost status Source of classification or shelving scheme Damaged status Not for loan Collection code Home library Current library Shelving location Date acquired Source of acquisition Cost, normal purchase price Serial Enumeration / chronology Total Checkouts Full call number Barcode Date last seen Cost, replacement price Price effective from Koha item type Public note
    Dewey Decimal Classification     Baccah Central Library Central Library First floor 30/11/2025 Purchase 18680.00 39870   320 SAG 000057418 30/11/2025 23350.00 30/11/2025 Book - Borrowing Volume 1
    Dewey Decimal Classification     Baccah Central Library Central Library First floor 30/11/2025 Purchase 18680.00 39870   320 SAG 000057419 30/11/2025 23350.00 30/11/2025 Book - Borrowing Volume 2
    Dewey Decimal Classification     Baccah Central Library Central Library First floor 30/11/2025 Purchase 18680.00 39870   320 SAG 000057420 30/11/2025 23350.00 30/11/2025 Book - Borrowing Volume 3